00301nam a2200121Ia 4500008004100000082001400041100002200055245003200077250000800109260003300117300001100150650001800161150201s2015 xx 000 0 und d a611bG15D aDRAKE, RICHARD L. aGRAY,S ANATOMY FOR STUDENTS a3RD bELSEVIERaPHILADELPHIAc2015 a1-1161 aHUMAN ANATOMY